An address to the Protestant Dissenters : who have lately petitioned for a repeal of the Corporation and test acts. By ... Joseph Berington.

Bibliographic Details
Main Author: Berington, Joseph, 1746-1827
Format: eBook
Language:English
Series:Eighteenth century collections online.
Online Access:Full text online

MARC

Tag First Indicator Second Indicator Subfields
LEADER 00000cam a2200000 4500
001 in00001901913
006 m | d |
007 cr |n||||||||n
008 820521s1787 enk|||| s 00||||eng d
005 20260414190136.1
035 |a (CStRLIN)ESTCT140599 
040 |a Uk-ES  |c Uk-ES  |d CStRLIN  |d Thomson Gale  |d UtOrBLW 
100 1 |a Berington, Joseph,  |d 1746-1827. 
245 1 3 |a An address to the Protestant Dissenters :  |b who have lately petitioned for a repeal of the Corporation and test acts. By ... Joseph Berington. 
264 3 |a Birmingham :  |b printed by M. Swinney: for G.G.J. and J. Robinson, and R. Faulder, London,  |c 1787. 
300 |a 4 unnumbered pages, 56, 2 unnumbered pages ;  |c 8⁰. 
336 |a text  |b txt  |2 rdacontent 
337 |a computer  |b c  |2 rdamedia 
338 |a online resource  |b cr  |2 rdacarrier 
500 |a With a half-title and a final leaf of advertisement. 
500 |a A variant lacks the comma after "Dissenters" in the title. 
500 |a Reproduction of original from the British Library. 
510 4 |a English Short Title Catalog,  |c ESTCT140599. 
533 |a Electronic reproduction.  |b Farmington Hills, Mich. :  |c Thomson Gale,  |d 2003.  |n Available via the World Wide Web.  |n Access limited by licensing agreements  |7 s2003 miunns 
500 |a Electronic resource. 
830 0 |a Eighteenth century collections online. 
856 4 0 |u http://proxy.library.tamu.edu/login?url=https://galenet.galegroup.com/servlet/ECCO?c=1&stp=Author&ste=11&af=BN&ae=T140599&tiPG=1&dd=0&dc=flc&docNum=CW106329883&vrsn=1.0&srchtp=a&d4=0.33&n=10&SU=0LRL+OR+0LRI&locID=txshracd2898  |z Full text online  |t 0 
999 |a MARS 
999 f f |s 929bc66d-8bb8-3ddc-aa6c-9a329395468c  |i b0bb4470-30e5-3d85-b294-63c5b7d90985  |t 0 
952 f f |a Texas A&M University  |b College Station  |c Electronic Resources  |s www_evans  |d Available Online  |t 0  |h No information provided 
998 f f |t 0  |l Available Online